Optimal Government Size and Fiscal Rules

Vzťah medzi veľkosťou vlády a hospodárskym rastom v krajinách EÚ. Určenie optimálnej veľkosti vlády, ktorá maximalizuje hospodársky rast. Fiškálne pravidlá ako nástroj na ovládanie verejných financií. Výskum krajin EÚ v rokoch 1995-2009.

Guardado en:
Detalles Bibliográficos
Autor principal: Boór, Matej, 1988-
Formato: Capítulo de libro
Lenguaje:inglés
Materias:
Etiquetas: Agregar Etiqueta
Sin Etiquetas, Sea el primero en etiquetar este registro!

MARC

LEADER 00000naa$a2200000$$$4500
001 0249745
005 20240502074010.1
041 0 |a eng 
044 |a SK 
245 1 0 |a Optimal Government Size and Fiscal Rules  |c Matej Boór 
520 |a Vzťah medzi veľkosťou vlády a hospodárskym rastom v krajinách EÚ. Určenie optimálnej veľkosti vlády, ktorá maximalizuje hospodársky rast. Fiškálne pravidlá ako nástroj na ovládanie verejných financií. Výskum krajin EÚ v rokoch 1995-2009. 
610 2 0 |a pravidlá menové 
610 2 0 |a Európska únia 
610 2 0 |a Európsky ekonomický priestor 
610 2 0 |a vláda 
610 2 0 |a rast hospodársky 
610 2 0 |a výdavky verejné 
100 1 |a Boór, Matej, 1988-